| 000 | 00367 a2200157 4500 | ||
|---|---|---|---|
| 001 | 61870 | ||
| 020 | _a9780194248242 | ||
| 040 | _cAnchieta - Pituba | ||
| 100 | _aDurrell, Gerald | ||
| 240 | 1 | 0 |
_aMy Family and Other Animals _lpor |
| 245 | 1 | 0 | _aMy Family and Other Animals |
| 300 | _a83 | ||
| 362 | 0 | _a2010 | |
| 650 | 4 | _aLiteratura juvenil em inglês | |
| 942 | _cBK | ||
| 999 |
_c61870 _d61870 |
||